Score 0/291 Timer 20:00
0 Plays Today
% Correct
laid in blood when the battle has done
100%
laid in blood when the battle has done
100%
laid in blood when the battle has done
100%
laid in blood when the battle has done
100%
laid in blood when the battle has done
100%
laid in blood when the battle has done
100%
laid in blood when the battle has done
100%
laid in blood when the battle has done
100%
laid in blood when the battle has done
100%
laid in blood when the battle has done
100%
laid in blood when the battle has done
100%
laid in blood when the battle has done
100%
laid in blood when the battle has done
100%
laid in blood when the battle has done
100%
laid in blood when the battle has done
100%
laid in blood when the battle has done
100%
and
92.3%
a
92.3%
The
92.3%
a
92.3%
the
92.3%
the
92.3%
The
92.3%
and
92.3%
a
92.3%
the
92.3%
and
92.3%
the
92.3%
in
92.3%
the
92.3%
in
92.3%
the
92.3%
the
92.3%
in
92.3%
and
92.3%
an
92.3%
and
92.3%
a
92.3%
the
92.3%
and
92.3%
and
92.3%
the
92.3%
in
92.3%
the
92.3%
the
92.3%
the
92.3%
laid in blood when the battle has done
92.3%
the
92.3%
and
92.3%
the
92.3%
the
92.3%
the
92.3%
and
92.3%
The
92.3%
the
92.3%
the
92.3%
the
92.3%
and
92.3%
blood
92.3%
the
92.3%
and
92.3%
the
92.3%
a
92.3%
Twenty
84.6%
three
84.6%
warriors
84.6%
King,
84.6%
of
84.6%
Old
84.6%
King
84.6%
Cole
84.6%
has
84.6%
paid
84.6%
of
84.6%
blades
84.6%
their
84.6%
is
84.6%
Twenty
84.6%
three
84.6%
warriors
84.6%
General
84.6%
White,
84.6%
of
84.6%
to
84.6%
war,
84.6%
her
84.6%
own
84.6%
her
84.6%
sister’s
84.6%
gore,
84.6%
to
84.6%
war
84.6%
to
84.6%
to
84.6%
of
84.6%
her
84.6%
own
84.6%
% Correct
kin
84.6%
for
84.6%
Twenty
84.6%
three
84.6%
warriors
84.6%
Rose
84.6%
Red,
84.6%
Her
84.6%
her
84.6%
her
84.6%
of
84.6%
her
84.6%
of
84.6%
her
84.6%
her
84.6%
of
84.6%
three
84.6%
little
84.6%
pigs
84.6%
to
84.6%
her
84.6%
fell
84.6%
But
84.6%
King
84.6%
Cole
84.6%
her
84.6%
funeral
84.6%
knell,
84.6%
Twenty
84.6%
three
84.6%
warriors
84.6%
to
84.6%
their
84.6%
rest,
84.6%
Cinders
84.6%
her
84.6%
her
84.6%
old
84.6%
king
84.6%
to
84.6%
of
84.6%
thrice-damned
84.6%
king
84.6%
She
84.6%
her
84.6%
Their
84.6%
their
84.6%
is
84.6%
book
84.6%
is
84.6%
closed
84.6%
story
84.6%
told.
84.6%
No
84.6%
Happily
84.6%
Ever
84.6%
After
84.6%
for
84.6%
tale
84.6%
so
84.6%
old,
84.6%
toll
76.9%
his
76.9%
His
76.9%
his
76.9%
eyes
76.9%
are
76.9%
with
76.9%
his
76.9%
his
76.9%
throne
76.9%
dead
76.9%
Fought
76.9%
dead
76.9%
night,
76.9%
through
76.9%
dead
76.9%
With
76.9%
win,
76.9%
sin,
76.9%
dead,
76.9%
wife’s
76.9%
caress,
76.9%
distress
76.9%
Wearing
76.9%
rags
76.9%
wedding
76.9%
dress,
76.9%
gone
76.9%
Fought
76.9%
with
76.9%
worst
76.9%
died
76.9%
with
76.9%
best,
76.9%
at
76.9%
last,
76.9%
% Correct
Then
76.9%
through
76.9%
years
76.9%
dead
76.9%
at
76.9%
hand
76.9%
his
76.9%
with
76.9%
ring,
76.9%
are
76.9%
cold,
76.9%
price
69.2%
upon
69.2%
soul
69.2%
have
69.2%
goal,
69.2%
chest
69.2%
defiled
69.2%
While
69.2%
lie
69.2%
piled,
69.2%
like
69.2%
Believed
69.2%
peace,
69.2%
yet
69.2%
marched
69.2%
heart,
69.2%
upon
69.2%
floor
69.2%
some
69.2%
vast
69.2%
secret
69.2%
While
69.2%
many
69.2%
body
69.2%
lies
69.2%
free
69.2%
life’s
69.2%
Released
69.2%
from
69.2%
cell,
69.2%
like
69.2%
hell,
69.2%
betrothed
69.2%
by
69.2%
fired
69.2%
whom
69.2%
she’d
69.2%
sing,
69.2%
pierced
69.2%
chest
69.2%
bodies
69.2%
still
69.2%
long
61.5%
reckoning,
61.5%
crimes
61.5%
levied
61.5%
rebel
61.5%
mouth
61.5%
hangs
61.5%
open,
61.5%
wild,
61.5%
gaping
61.5%
hole
61.5%
round
61.5%
devil
61.5%
shot
61.5%
Covered
61.5%
put
61.5%
dozens
61.5%
Atoning
61.5%
outside
61.5%
door
61.5%
more
61.5%
face
61.5%
wrath
61.5%
sounded
61.5%
saw
61.5%
went
61.5%
too
61.5%
fast,
61.5%
girl
61.5%
due
53.8%
army
53.8%
lead
53.8%
bullet
53.8%
lay
53.8%
anger
53.8%
decades
53.8%
past
53.8%
it
53.8%
scarlet
53.8%
achieved
46.2%
beauty
46.2%
untouched
46.2%
finally
38.5%
room
30.8%
Come Together.
Have Fun.
All Virtual.
We all need to come together. Play Sporcle's virtual live trivia to have fun, connect with people, and get your trivia on. Join a live hosted trivia game for your favorite pub trivia experience done virtually. If a virtual private party is more your thing, go here for details.

You're not logged in!

Compare scores with friends on all Sporcle quizzes.
OR
Log In

Sporcle TV

Today on Sporcle TV


Watch our educational content, quiz creation guides, and fun videos on Sporcle TV.

Show Comments

Extras

Top Quizzes Today


Score Distribution

Paid Content

Your Account Isn't Verified!

In order to create a playlist on Sporcle, you need to verify the email address you used during registration. Go to your Sporcle Settings to finish the process.

Report this User

Report this user for behavior that violates our Community Guidelines.

Details: